[Event "Ndola Copperbelt Elite"]
[Site "Ndola"]
[Date "2016.12.25"]
[Round "6"]
[White "Mulenga, Prince Daniel"]
[Black "Mulenga, Alfred"]
[Result "1/2-1/2"]
[WhiteElo "2181"]
[BlackElo "2061"]
[PlyCount "47"]
[EventDate "2016.12.24"]
[EventType "tourn"]
[EventRounds "9"]
[EventCountry "ZAM"]
[SourceTitle "EXT 2018"]
[Source "ChessBase"]
[SourceDate "2017.10.13"]
[SourceVersion "1"]
[SourceVersionDate "2017.10.13"]
[SourceQuality "1"]

1. Nf3 Nf6 2. d4 d5 3. c4 e6 4. Nc3 b6 5. Bg5 Be7 6. e3 Nbd7 7. cxd5 Nxd5 8. Bxe7 Nxe7 9. Rc1 0-0 10. Bd3 Ng6 11. h4 Bb7 12. h5 Ne7 13. Qc2 h6 14. Be4 Bxe4 15. Qxe4 c5 16. 0-0 Nf6 17. Qf4 cxd4 18. Nxd4 Nxh5 19. Qe5 Nf6 20. Rfd1 Ng6 21. Qg3 Qb8 22. Qf3 Ne5 23. Qg3 Ng6 24. Qf3 1/2-1/2